| 000 | 00412nam a2200169Ia 4500 | ||
|---|---|---|---|
| 003 | LK-CoDNM | ||
| 005 | 20240122153335.0 | ||
| 008 | 010623t1870 xxu||||| |||| 00| 1 sin d | ||
| 040 |
_aLK-CoDNM _dLK-CoDNM _eLK-CoDNM |
||
| 041 | _asin | ||
| 080 |
_a104 _bL 6 |
||
| 245 | _aආදි මාලය | ||
| 246 | _aAdi Malaya | ||
| 260 |
_bLakabhinava Vissruta _aColombo _c1870 |
||
| 300 | _b14p, 21 cm | ||
| 942 | _cBK | ||
| 999 |
_c81709 _d81709 |
||